000 00487nam a2200181Ia 4500
001 1297
005 20260306143718.0
008 260306t2011||||xx |||||||||||||| ||spa||
041 _aESP
082 _a193
_bH36E
100 _aHeidegger, Martin
_eAUT
245 0 _aEjercitación en el pensamiento filosófico:
_bejercicios en el semestre de invierno de 1941-1942
260 _c2011
300 _a191 páginas :
_c21 cm.
650 _aGEN
654 _aCHU
942 _cLIB
_dJUS
_fJUS
_2ddc
_n
999 _c1297
_d1297